[Event "SVR-ch Seniors"]
[Site "Lahnstein"]
[Date "2019.04.20"]
[Round "7"]
[White "Lenz, Thomas1111"]
[Black "Buzov, Boris"]
[Result "0-1"]
[WhiteElo "1777"]
[BlackElo "2111"]
[PlyCount "94"]
[EventDate "2019.04.13"]
[EventType "swiss"]
[EventRounds "7"]
[EventCountry "GER"]
[SourceTitle "EXT 2021"]
[Source "ChessBase"]
[SourceDate "2020.10.23"]
[SourceVersion "1"]
[SourceVersionDate "2020.10.23"]
[SourceQuality "1"]

1. e4 d5 2. exd5 Qxd5 3. d4 Nc6 4. Be3 e5 5. c4 Qa5+ 6. Bd2 Bb4 7. d5 Bxd2+ 8. Qxd2 Qxd2+ 9. Kxd2 Nd4 10. Bd3 Ne7 11. Nc3 f6 12. Re1 Kf7 13. Nge2 Nxe2 14. Rxe2 Bf5 15. Nb5 Bxd3 16. Kxd3 Rhd8 17. Kc2 c6 18. dxc6 Nxc6 19. Rd2 Rxd2+ 20. Kxd2 Rd8+ 21. Ke2 a6 22. Nc3 Nd4+ 23. Ke3 Nf5+ 24. Ke2 Nd4+ 25. Ke3 Rc8 26. Kd3 Ne6 27. Ne4 Rd8+ 28. Kc3 f5 29. Nd2 e4 30. Nb3 b6 31. Kb4 Nf4 32. c5 Nd3+ 33. Kc3 Nxf2 34. Rf1 e3 35. cxb6 Rb8 36. Nd4 f4 37. b4 Rxb6 38. a4 Kf6 39. b5 axb5 40. axb5 g5 41. Ra1 Ne4+ 42. Kc4 Rb7 43. Kd5 Re7 44. Ra6+ Kf7 45. Nf5 Nc3+ 46. Kc4 e2 47. Nh6+ Kf8 0-1

[Event "Rheinland Pfalz op 10th"]
[Site "Nickenich"]
[Date "2018.05.03"]
[Round "7"]
[White "Buzov, Boris"]
[Black "Stuemer, Paul"]
[Result "0-1"]
[WhiteElo "2133"]
[BlackElo "2078"]
[PlyCount "166"]
[EventDate "2018.05.31"]
[EventType "swiss"]
[EventRounds "7"]
[EventCountry "GER"]
[SourceTitle "EXT 2019"]
[Source "ChessBase"]
[SourceDate "2018.10.10"]
[SourceVersion "1"]
[SourceVersionDate "2018.10.10"]
[SourceQuality "1"]

1. d4 Nf6 2. Nf3 g6 3. c3 Bg7 4. Bf4 d6 5. Nbd2 Nh5 6. Bg3 Nxg3 7. hxg3 Nd7 8. e4 e6 9. Bc4 0-0 10. 0-0 c5 11. Re1 Qc7 12. Qe2 a6 13. a4 b6 14. Rad1 Bb7 15. Bb3 b5 16. Ra1 c4 17. Bc2 e5 18. Nf1 exd4 19. Nxd4 Qc5 20. Red1 Rfe8 21. axb5 axb5 22. Rxa8 Bxa8 23. Ne3 Nf6 24. b3 Nxe4 25. Bxe4 Rxe4 26. bxc4 bxc4 27. Qxc4 Rxe3 28. Qxc5 dxc5 29. fxe3 cxd4 30. cxd4 Kf8 31. Rb1 Be4 32. Ra1 h5 33. Kf2 Ke7 34. Ra7+ Ke6 35. Ra6+ Kf5 36. Ra5+ Kg4 37. Ra7 Bf8 38. Rd7 Bf5 39. Rxf7 Bd6 40. Ra7 Bxg3+ 41. Kf1 Bd3+ 42. Kg1 Kf5 43. Re7 g5 44. Re8 h4 45. Re7 g4 46. Re8 Bd6 47. Kf2 Be4 48. Rh8 Be7 49. Rh5+ Bg5 50. g3 Kg6 51. Rh8 h3 52. Rg8+ Kh6 53. Rh8+ Bh7 54. Kg1 Bxe3+ 55. Kh2 Bxd4 56. Rd8 Bf6 57. Rd5 Kg6 58. Ra5 Bg8 59. Rb5 Be6 60. Ra5 Be7 61. Rb5 Kf6 62. Ra5 Bd6 63. Rb5 Be5 64. Ra5 Kf5 65. Ra4 Bd5 66. Rb4 Bc3 67. Rf4+ Kg5 68. Ra4 Bf3 69. Rc4 Be5 70. Ra4 Kf5 71. Rb4 Ke6 72. Ra4 Kd5 73. Rb4 Bd4 74. Ra4 Ke4 75. Ra2 Bd1 76. Rd2 Bb3 77. Re2+ Kf3 78. Re8 Be3 79. Rf8+ Ke2 80. Re8 Bd1 81. Rf8 Bf2 82. Re8+ Kf1 83. Rf8 Bf3 0-1

[Event "Rheinland-chT Seniors 1617"]
[Site "Germany"]
[Date "2017.01.26"]
[Round "5"]
[White "Buzov, Boris"]
[Black "Scheffler, Juergen1111"]
[Result "1-0"]
[WhiteElo "1937"]
[BlackElo "1359"]
[PlyCount "69"]
[EventDate "2016.10.06"]
[EventType "team-tourn"]
[EventRounds "7"]
[EventCountry "GER"]
[SourceTitle "EXT 2018"]
[Source "ChessBase"]
[SourceDate "2017.10.13"]
[SourceVersion "1"]
[SourceVersionDate "2017.10.13"]
[SourceQuality "1"]

1. e4 c5 2. Nf3 e6 3. d3 Nc6 4. g3 d6 5. Bg2 Nf6 6. 0-0 Be7 7. b3 0-0 8. Bb2 Qc7 9. Nbd2 b5 10. a4 b4 11. Re1 a5 12. Nc4 Bb7 13. e5 Nd5 14. exd6 Bxd6 15. Nxd6 Qxd6 16. Nd2 Nc3 17. Bxc3 bxc3 18. Ne4 Qd4 19. Qh5 Nb4 20. Re2 Rac8 21. Ng5 h6 22. Bxb7 Rc7 23. Be4 Qf6 24. Nh7 Qe7 25. Nxf8 Qxf8 26. Qe5 Qd8 27. Qxc3 c4 28. dxc4 Rd7 29. Rae1 Rd4 30. c5 e5 31. c6 Qc7 32. Qc5 f6 33. c3 Rxe4 34. Rxe4 Nxc6 35. Rc4 1-0

[Event "Rheinland-chT Seniors 1617"]
[Site "Germany"]
[Date "2016.11.17"]
[Round "4"]
[White "Steger, Wolfgang"]
[Black "Buzov, Boris"]
[Result "0-1"]
[WhiteElo "1796"]
[BlackElo "1937"]
[PlyCount "118"]
[EventDate "2016.10.06"]
[EventType "team-tourn"]
[EventRounds "7"]
[EventCountry "GER"]
[SourceTitle "EXT 2018"]
[Source "ChessBase"]
[SourceDate "2017.10.13"]
[SourceVersion "1"]
[SourceVersionDate "2017.10.13"]
[SourceQuality "1"]

1. d4 d5 2. Nf3 Bf5 3. Bf4 c6 4. h3 Qb6 5. Qc1 e6 6. e3 Nd7 7. Be2 Ngf6 8. 0-0 Be7 9. b3 h6 10. a4 a5 11. Nbd2 0-0 12. Ne1 Rfc8 13. Bd3 Bh7 14. Bxh7+ Kxh7 15. c4 c5 16. dxc5 Nxc5 17. Qc2+ Kg8 18. Nd3 Na6 19. Qb2 dxc4 20. Nxc4 Qd8 21. Rfd1 Nd5 22. Nde5 Qe8 23. Rxd5 Rxc4 24. Rb5 Rb4 25. Rxb4 Nxb4 26. Rd1 Rd8 27. Rxd8 Qxd8 28. Qd4 Qxd4 29. exd4 Nc2 30. Nc4 Nxd4 31. Bc7 Nxb3 32. Nxa5 Nxa5 33. Bxa5 Bc5 34. Kf1 Kf8 35. f3 Ke7 36. Ke2 Kd6 37. Kd3 Kd5 38. Bc3 e5 39. g4 g6 40. Bd2 Bf8 41. Be3 f5 42. Bc1 h5 43. gxh5 gxh5 44. Bg5 Bc5 45. Bf6 Bd4 46. Be7 e4+ 47. fxe4+ fxe4+ 48. Ke2 Kc4 49. a5 Kd5 50. Bd8 Ke5 51. Bc7+ Kf5 52. Bd6 Be5 53. Be7 Bc7 54. Bb4 Kf4 55. Bd2+ Kg3 56. Be1+ Kxh3 57. Ke3 h4 58. Kxe4 Bg3 59. Bd2 Kg2 0-1

[Event "Rheinland Pfalz op 7th"]
[Site "Frankenthal"]
[Date "2015.06.06"]
[Round "2"]
[White "Buzov, Boris"]
[Black "Poetsch, Hagen"]
[Result "0-1"]
[WhiteElo "2049"]
[BlackElo "2492"]
[PlyCount "54"]
[EventDate "2015.06.04"]
[EventType "swiss"]
[EventRounds "7"]
[EventCountry "GER"]
[SourceTitle "EXT 2017"]
[Source "ChessBase"]
[SourceDate "2016.10.25"]
[SourceVersion "1"]
[SourceVersionDate "2016.10.25"]
[SourceQuality "1"]

1. e4 e6 2. d4 d5 3. exd5 exd5 4. Bd3 Nc6 5. c3 Bd6 6. Ne2 Qh4 7. g3 Qf6 8. Nf4 Nge7 9. Nh5 Qe6+ 10. Qe2 0-0 11. Bf4 Ng6 12. Qxe6 fxe6 13. Bxg6 hxg6 14. Bxd6 cxd6 15. Nf4 g5 16. Ne2 e5 17. Na3 Bg4 18. Nc2 Rae8 19. Ne3 Bxe2 20. Kxe2 exd4 21. cxd4 Nxd4+ 22. Kd3 Nc6 23. Rhf1 Ne5+ 24. Kd2 Nf3+ 25. Kd3 Nxh2 26. Nxd5 Rf3+ 27. Ne3 Nxf1 0-1

[Event "SVR-ch Seniors 37th"]
[Site "Heimbach Weis"]
[Date "2014.04.12"]
[Round "2"]
[White "Steger, Wolfgang"]
[Black "Buzov, Boris"]
[Result "1-0"]
[WhiteElo "1802"]
[BlackElo "1888"]
[PlyCount "71"]
[EventDate "2014.04.11"]
[EventType "tourn"]
[EventRounds "9"]
[EventCountry "GER"]
[SourceTitle "CBM 160 Extra"]
[Source "ChessBase"]
[SourceDate "2014.07.01"]
[SourceVersion "1"]
[SourceVersionDate "2014.07.01"]
[SourceQuality "1"]

1. c4 e5 2. Nc3 Nf6 3. g3 Bb4 4. Qc2 Nc6 5. e3 0-0 6. Bg2 d6 7. Nge2 Re8 8. 0-0 Be6 9. b3 Qd7 10. Bb2 Bh3 11. a3 Bxg2 12. Kxg2 Bxc3 13. Bxc3 d5 14. d4 dxc4 15. bxc4 exd4 16. Rfd1 Qe6 17. Bxd4 Ne5 18. Bxe5 Qxe5 19. c5 Rad8 20. Rxd8 Rxd8 21. Nd4 g6 22. Rb1 Qd5+ 23. Kg1 Ne4 24. c6 bxc6 25. Nxc6 Qd3 26. Qb2 Rd6 27. Rc1 Rf6 28. Ne5 Qd8 29. Ng4 Rd6 30. Nh6+ Kf8 31. Qh8+ Ke7 32. Qe5+ Kf8 33. Qxe4 Qg5 34. Nxf7 Kxf7 35. Rxc7+ Kf8 36. Rxa7 1-0

[Event "SVR-ch Seniors 37th"]
[Site "Heimbach Weis"]
[Date "2014.04.11"]
[Round "1"]
[White "Buzov, Boris"]
[Black "Gebhardt, Ulrich"]
[Result "1-0"]
[WhiteElo "1888"]
[BlackElo "1706"]
[PlyCount "97"]
[EventDate "2014.04.11"]
[EventType "tourn"]
[EventRounds "9"]
[EventCountry "GER"]
[SourceTitle "CBM 160 Extra"]
[Source "ChessBase"]
[SourceDate "2014.07.01"]
[SourceVersion "1"]
[SourceVersionDate "2014.07.01"]
[SourceQuality "1"]

1. e4 c6 2. d3 d5 3. Nd2 e5 4. Ngf3 Bg4 5. Be2 Nd7 6. exd5 cxd5 7. Nxe5 Nxe5 8. Bxg4 Nf6 9. Bf3 Bd6 10. 0-0 0-0 11. d4 Nxf3+ 12. Nxf3 Qc7 13. c3 Rfe8 14. Qd3 Re4 15. Bg5 Nh5 16. Qb5 Qc6 17. Qxc6 bxc6 18. Rfe1 Rae8 19. g3 h6 20. Bd2 Nf6 21. Kf1 Rb8 22. b3 c5 23. Be3 Ng4 24. Nd2 Nxe3+ 25. Rxe3 Rxe3 26. fxe3 Re8 27. Kf2 cxd4 28. exd4 Ba3 29. Re1 Rc8 30. Re3 Bc1 31. Ke2 Rc6 32. Kd1 Bxd2 33. Kxd2 Ra6 34. a4 Rb6 35. Kc2 Rf6 36. Re2 Kf8 37. a5 a6 38. b4 g6 39. Kb3 g5 40. g4 Rf4 41. h3 Rf3 42. b5 axb5 43. a6 b4 44. Kxb4 Rf1 45. Ra2 Rb1+ 46. Kc5 Rb8 47. Kc6 f5 48. gxf5 h5 49. a7 1-0

[Event "SVR-op 35th"]
[Site "Nickenich"]
[Date "2012.04.07"]
[Round "7"]
[White "Spreemann, Ralf"]
[Black "Buzov, Boris"]
[Result "0-1"]
[WhiteElo "2026"]
[BlackElo "2148"]
[PlyCount "148"]
[EventDate "2012.03.30"]
[EventType "swiss"]
[EventRounds "7"]
[EventCountry "GER"]
[SourceTitle "EXT 2013"]
[Source "ChessBase"]
[SourceDate "2012.11.22"]
[SourceVersion "1"]
[SourceVersionDate "2012.11.22"]
[SourceQuality "1"]

1. e4 d5 2. exd5 Qxd5 3. Nc3 Qd6 4. d4 c6 5. Nf3 Bg4 6. Bc4 Nf6 7. Be3 e6 8. h3 Bxf3 9. Qxf3 Qc7 10. 0-0 Nbd7 11. Bf4 Bd6 12. Bxd6 Qxd6 13. Rad1 0-0 14. Bb3 Rad8 15. Rfe1 Rfe8 16. Ne4 Nxe4 17. Qxe4 Nf6 18. Qe5 Re7 19. c3 Red7 20. Qxd6 Rxd6 21. Re5 b6 22. Rde1 Nd7 23. R5e2 Kf8 24. f4 c5 25. dxc5 Nxc5 26. Bc2 g6 27. Kf2 h5 28. g4 hxg4 29. hxg4 Kg7 30. Rg1 Rh8 31. Kg3 Rhd8 32. Kf3 Kf6 33. Rh1 Rd2 34. Ke3 Rxe2+ 35. Kxe2 a5 36. Rf1 Rh8 37. Rf2 Rh4 38. Rg2 Rh1 39. a3 Ke7 40. f5 g5 41. fxe6 Nxe6 42. Kf3 Nf4 43. Rd2 Rf1+ 44. Rf2 Re1 45. Rd2 Re5 46. Bf5 Nd5 47. Be4 Nf6 48. Bf5 Rc5 49. Ke3 Rc4 50. Rd4 Rc7 51. Kd3 Ne8 52. Re4+ Kf8 53. Rd4 Kg7 54. b4 Kf8 55. bxa5 bxa5 56. Rd5 Ra7 57. c4 Ke7 58. Kd4 Nd6 59. Bd3 f6 60. Kc5 Ra6 61. Kd4 Ra7 62. c5 Nf7 63. Bf5 Ne5 64. Rxe5+ fxe5+ 65. Kxe5 a4 66. Kd5 Ra6 67. Bc8 Rf6 68. c6 Kd8 69. Bd7 Rf3 70. Kd6 Rd3+ 71. Ke5 Rxa3 72. Kf6 Re3 73. Kxg5 a3 74. Kf4 Re7 0-1

[Event "SVR-op 35th"]
[Site "Nickenich"]
[Date "2012.03.31"]
[Round "2"]
[White "Buzov, Boris"]
[Black "Roj, Michaela"]
[Result "1-0"]
[WhiteElo "2148"]
[BlackElo "1916"]
[PlyCount "117"]
[EventDate "2012.03.30"]
[EventType "swiss"]
[EventRounds "7"]
[EventCountry "GER"]
[SourceTitle "EXT 2013"]
[Source "ChessBase"]
[SourceDate "2012.11.22"]
[SourceVersion "1"]
[SourceVersionDate "2012.11.22"]
[SourceQuality "1"]

1. d4 d5 2. Nf3 Nf6 3. e3 c5 4. b3 Nc6 5. Bb2 e6 6. Nbd2 Bd7 7. a3 Rc8 8. Ne5 cxd4 9. exd4 Bd6 10. Bd3 0-0 11. 0-0 Qc7 12. Re1 Ne7 13. Rc1 Ng6 14. g3 Bc6 15. Qe2 Qe7 16. Ra1 Rfd8 17. f4 Qc7 18. Nxc6 Qxc6 19. Rac1 Qd7 20. Rf1 Ne7 21. Nf3 Nc6 22. Ne5 Qc7 23. b4 Qb6 24. c3 a6 25. Rf2 Qa7 26. Re1 b5 27. g4 Ne8 28. g5 Bxe5 29. fxe5 g6 30. Ref1 Rd7 31. Kg2 Nd8 32. a4 Ng7 33. axb5 axb5 34. Bxb5 Qc7 35. Bxd7 Qxd7 36. Ra1 Qe7 37. Qg4 Nf5 38. Re2 Qb7 39. Kh1 Qb5 40. Qf3 Nc6 41. Ree1 Qb7 42. Qe2 Rb8 43. Qa6 Qd7 44. Qd3 Nce7 45. Ra6 Nc8 46. Rea1 Qb7 47. Bc1 Nb6 48. Qb5 Qc7 49. Qc5 Qd8 50. Qa5 Qc7 51. Qc5 Qd8 52. Qc6 h6 53. Ra7 h5 54. Rb7 Kg7 55. Rxb8 Qxb8 56. Ra6 Nc4 57. Ra8 Nxe5 58. Rxb8 Nxc6 59. Rb6 1-0

[Event "SVR-op 34th"]
[Site "Reil"]
[Date "2011.04.21"]
[Round "5"]
[White "Buzov, Boris"]
[Black "Hirschmann, Jakob"]
[Result "1/2-1/2"]
[WhiteElo "2015"]
[BlackElo "1644"]
[PlyCount "89"]
[EventDate "2011.04.16"]
[EventType "swiss"]
[EventRounds "7"]
[EventCountry "GER"]
[SourceTitle "EXT 2013"]
[Source "ChessBase"]
[SourceDate "2012.11.22"]
[SourceVersion "1"]
[SourceVersionDate "2012.11.22"]
[SourceQuality "1"]

1. e4 e6 2. d4 d5 3. exd5 exd5 4. Bd3 Nc6 5. c3 Bd6 6. Ne2 Nge7 7. Bf4 Bg4 8. Qd2 Qd7 9. Bxd6 Qxd6 10. Qf4 Qxf4 11. Nxf4 g5 12. h3 Be6 13. Nh5 0-0-0 14. Nd2 Bf5 15. Bxf5+ Nxf5 16. Nf3 Rhe8+ 17. Kd2 h6 18. Rae1 Nd6 19. Kd3 Ne4 20. Re2 Re6 21. Ng7 Rf6 22. Nh5 Re6 23. Nd2 Rde8 24. Nxe4 Rxe4 25. Rxe4 Rxe4 26. f3 Re6 27. f4 Ne7 28. fxg5 hxg5 29. Rf1 f5 30. g4 f4 31. h4 gxh4 32. Nxf4 Rf6 33. Ke2 c6 34. Rf3 Ng6 35. Nxg6 Rxg6 36. Rf8+ Kd7 37. Kf3 Rh6 38. g5 Rh7 39. Kg2 Ke7 40. Rf5 h3+ 41. Kh2 Rh5 42. Rf3 Rxg5 43. Rxh3 Rg7 44. Rh8 Kd6 45. Re8 1/2-1/2

[Event "SVR-op 34th"]
[Site "Reil"]
[Date "2011.04.16"]
[Round "2"]
[White "Glieden, Patrick"]
[Black "Buzov, Boris"]
[Result "0-1"]
[WhiteElo "1601"]
[BlackElo "2015"]
[PlyCount "70"]
[EventDate "2011.04.16"]
[EventType "swiss"]
[EventRounds "7"]
[EventCountry "GER"]
[SourceTitle "EXT 2013"]
[Source "ChessBase"]
[SourceDate "2012.11.22"]
[SourceVersion "1"]
[SourceVersionDate "2012.11.22"]
[SourceQuality "1"]

1. e4 d5 2. exd5 Qxd5 3. Nc3 Qd6 4. d4 Nf6 5. Nf3 c6 6. a4 Bg4 7. Be2 e6 8. 0-0 Nbd7 9. Be3 Qc7 10. h3 Bh5 11. Ng5 Bg6 12. Bf3 Bd6 13. Qe2 Bf4 14. g3 Bxe3 15. Qxe3 0-0 16. Bg2 Bxc2 17. Nge4 Bxe4 18. Nxe4 Nxe4 19. Bxe4 Nf6 20. Bf3 Rfd8 21. Rfc1 Rd7 22. b4 Qd6 23. b5 cxb5 24. axb5 Qb6 25. Ra4 Nd5 26. Qb3 Nc7 27. Rb1 Rad8 28. d5 Nxd5 29. Qa3 Nc7 30. Qa1 Rd2 31. Rf1 Nxb5 32. Rg4 Nd4 33. Kg2 f5 34. Rg5 g6 35. Rb1 Nb3 0-1

[Event "Rheinland Pfalz op 2nd"]
[Site "Schweich"]
[Date "2010.07.16"]
[Round "2"]
[White "Yankelevich, Lev"]
[Black "Buzov, Boris"]
[Result "1/2-1/2"]
[WhiteElo "1935"]
[BlackElo "2166"]
[PlyCount "80"]
[EventDate "2010.07.16"]
[EventType "swiss"]
[EventRounds "7"]
[EventCountry "GER"]
[SourceTitle "EXT 2012"]
[Source "ChessBase"]
[SourceDate "2011.11.24"]
[SourceVersion "1"]
[SourceVersionDate "2011.11.24"]
[SourceQuality "1"]

1. e4 d5 2. exd5 Qxd5 3. Nc3 Qd6 4. d4 Nf6 5. Bc4 c6 6. Nge2 Bf5 7. Bf4 Qb4 8. Bb3 e6 9. 0-0 Nbd7 10. Ng3 Bg6 11. Re1 Be7 12. Nce4 0-0 13. c3 Qa5 14. Qe2 Nd5 15. Bd2 Qd8 16. c4 Nc7 17. Bf4 Nf6 18. Red1 Re8 19. Nxf6+ Bxf6 20. Bc2 Qe7 21. Bxg6 hxg6 22. Ne4 Red8 23. Nxf6+ gxf6 24. Qf3 Kg7 25. Qg3 Rd7 26. Bxc7 Rxc7 27. a3 Rd7 28. Rd3 Rad8 29. Rad1 Rd6 30. Qe3 Qd7 31. g3 e5 32. d5 cxd5 33. Rxd5 Rxd5 34. Rxd5 Qc7 35. Qxa7 Rxd5 36. cxd5 Qc1+ 37. Kg2 Qxb2 38. d6 Qb5 39. Qb8 Qd5+ 40. Kg1 Qd1+ 1/2-1/2

[Event "Bad Breisig Seniors op"]
[Site "Bad Breisig"]
[Date "2009.11.25"]
[Round "5"]
[White "Buzov, Boris"]
[Black "Vorderbruegge, Franz Josef"]
[Result "1-0"]
[WhiteElo "2132"]
[BlackElo "1938"]
[PlyCount "121"]
[EventDate "2009.11.21"]
[EventType "swiss"]
[EventRounds "9"]
[EventCountry "GER"]
[SourceTitle "EXT 2019"]
[Source "ChessBase"]
[SourceDate "2018.10.10"]
[SourceVersion "1"]
[SourceVersionDate "2018.10.10"]
[SourceQuality "1"]

1. d4 d5 2. Nf3 Nf6 3. c3 Bf5 4. Qb3 Qc8 5. Bg5 e6 6. Nbd2 Nbd7 7. e3 h6 8. Bh4 Bd6 9. Bg3 Bxg3 10. hxg3 Ne4 11. c4 c6 12. cxd5 exd5 13. Nxe4 Bxe4 14. Bd3 Nf6 15. Bxe4 Nxe4 16. Qa3 Qc7 17. Rc1 Qe7 18. Qxe7+ Kxe7 19. Ne5 Rab8 20. Ke2 Ke6 21. Nd3 Ke7 22. Rc2 Rhe8 23. Ne5 Ke6 24. Rhc1 Rf8 25. g4 Rfe8 26. Nd3 Nf6 27. f3 Nd7 28. Kf2 Ke7 29. Rh1 Rg8 30. a4 Rge8 31. a5 a6 32. Rhc1 Kd6 33. Nf4 Nf6 34. Ke2 Rec8 35. Kd2 Re8 36. Rc3 Re7 37. Re1 Rh8 38. Rb3 Rb8 39. Nd3 Nd7 40. Rc3 Nf6 41. Ne5 Nd7 42. Nd3 f6 43. Nf4 Nf8 44. Nh5 Ne6 45. Ng3 Rbe8 46. b4 Kd7 47. Nf5 Rc8 48. Rh1 Rg8 49. Ng3 Ng5 50. Ne2 Nf7 51. Nf4 Nd6 52. Ke2 Ree8 53. Kf2 Re7 54. Re1 Nb5 55. Rc2 Ke8 56. Rc5 Kd8 57. Rec1 Nd6 58. R5c2 Nb5 59. Nd3 Nd6 60. Nc5 Nb5 61. Re2 1-0

[Event "Bad Breisig Seniors op"]
[Site "Bad Breisig"]
[Date "2009.11.21"]
[Round "1"]
[White "Buzov, Boris"]
[Black "Oser, Thor"]
[Result "1-0"]
[WhiteElo "2132"]
[BlackElo "1869"]
[PlyCount "103"]
[EventDate "2009.11.21"]
[EventType "swiss"]
[EventRounds "9"]
[EventCountry "GER"]
[SourceTitle "EXT 2019"]
[Source "ChessBase"]
[SourceDate "2018.10.10"]
[SourceVersion "1"]
[SourceVersionDate "2018.10.10"]
[SourceQuality "1"]

1. e4 c5 2. Nf3 a6 3. d3 Nc6 4. g3 g6 5. Bg2 Bg7 6. 0-0 d6 7. c3 Nf6 8. Re1 Bg4 9. h3 Bxf3 10. Bxf3 e5 11. Be3 0-0 12. Na3 b5 13. Nc2 Qc8 14. Bg2 Nd7 15. Qd2 Ne7 16. Bh6 Ra7 17. Bxg7 Kxg7 18. Rac1 Nf6 19. Ne3 Rd7 20. h4 Rdd8 21. Qe2 h5 22. Nf1 Neg8 23. Red1 Nh6 24. b3 Qe6 25. Re1 Nd7 26. Nh2 f6 27. Nf3 Rh8 28. Rc2 Nf7 29. Qe3 Nh6 30. d4 Nf7 31. Kh2 Qe7 32. Rd2 Nh6 33. Kg1 Ng4 34. Qd3 Nh6 35. Bh3 Nf7 36. Bxd7 Rxd7 37. dxc5 Rc8 38. cxd6 Rxd6 39. Qe3 Rdc6 40. Rd3 Qc7 41. Rc1 Rd6 42. Rcd1 Rxd3 43. Rxd3 Rd8 44. Rxd8 Nxd8 45. Nd2 Ne6 46. Qd3 g5 47. hxg5 Nxg5 48. b4 Qc6 49. Kf1 Kf7 50. c4 bxc4 51. Nxc4 Nxe4 52. Qxe4 1-0